Philippine (Philippines) Quiz - Statistics

General Stats
  • This quiz has been taken 39 times
    30 since last reset
  • The average score is 9 of 72
Answer Stats
Philippines
Questions
Answers
Of 2022
% Correct
Capital City Manila
100%
Richest City By GDP Manila
100%
OfficialLanguages English|Filipino|Tagalog|Cebuano| Wikang Filipino
96%
Medals (Gold) 1
50%
Aircraft Carriers 0|Nil
46%
Nuclear Weapons 0|Nil
46%
Submarines 0|Nil
46%
Medals (silver) 5
46%
Medals (Bronze) 8
38%
Billionares 20
25%
Official Religion At 83% Christian|Catholic
25%
Biggest Island Luzon
25%
Countries that have colonised Philippines Spain|Japan|USA| ETC
25%
Biggest Stadium Philippine Arena
21%
Most Populated City Quezon City
21%
PopulationRank 13
17%
Tanks 60
17%
Currency Philippine Peso
17%
Surrounding Seas South China Sea|Philippine Sea|Celebes Sea| Sulu Sea
17%
Continential Continent South East Asia
17%
Muslim Percantage 15%
13%
Old Rank 16
13%
Regions 17
13%
Size of KM2 300,000|300000|300K
13%
Military Rank 52
13%
Most Catholic In Where Asia
13%
Drive On Which Side Right
13%
Distance By Miles From Island Borneo 22
8%
Area Rank 72
8%
Country Which Produces More CoconutsThan Philippines Indonesia
8%
Distance By KM From Island Borneo 40
4%
Islands 7641
4%
Union Asean
4%
Famous Beach Boracay Beach
4%
Largest Event Christmas
4%
Filipino’s Are Obsessed With Karaoke
4%
Tallest Volcano Mount Apo
4%
Water % 0.61|0.61%
0%
Warships 103
0%
Population 113 Million|113M|113 M
0%
GDP Of Richest City 120 B|120B|120 Billion
0%
Reserved Personnel 131,000|130000|131K
0%
Active Personnel 143,100|143100|143K
0%
Networth Of Richest Person 16.6B|16.6 B|16. billion
0%
Aircraft 182
0%
Population Of Most Populated City 2.76M|2.76 M|2.76 Million
0%
Age Structure of kids (0-14) 30.04%
0%
Tallest Building Height 318 Meters
0%
Density 336
0%
Defence Budget 3.5B| 3.5 Billion|3.5 B
0%
Coastline 36,289|36289|36K
0%
GDP PerCapita 3,646|3646|3K
0%
Largest Catholic %Rank 3rd
0%
GDP 406 Billion|406B|406 B
0%
Size of Biggest Island By Square Miles(Sq.Miles) 42,458|42458|42K
0%
How much Is The CurrencyBy $ (Currency Value) 51.4|51.4 PHP
0%
Capacity Of Biggest Arena 55,000|55000|55K
0%
Grand People Age Structure (65+) 5.51%
0%
Largest Christian Rank 5th
0%
Age Structure Of Adults (14-64) 64.45%
0%
Percentage Of population By Internet Users 68.5%
0%
Internet Users 73 Million|73 M|73M
0%
Percentage Of Biggest Islands 95%
0%
Islands Inhabited Around 2000
0%
Most Famous Sports Basketball And Boxing
0%
Famous Landmark Chocolate Hills
0%
Most Well Known Produce Of Food Coconuts,Rice,Lumpia
0%
Old President Marcus
0%
Largest Group Of What Nurses
0%
Richest Person Sy Siblings
0%
Tallest Building Taguig
0%
If You Whistle at night You Will Turn Into What Werewolf
0%
No matching quizzes found
Score Distribution
Percent of People with Each Score
Percentile by Number Answered
Your Score History
You have not taken this quiz since the last reset